000 00710nam a2200229 a 4500
003 OSt
005 20240611104416.0
008
020 _a0340242914 (Paperback)
040 _cNUST
050 _aRA651 PAR
100 1 _eAuthor
_qParry, Wilfrid H.
245 _aCommunicable diaereses
_cWifrid.H.Parry
250 _aThird Edition.
260 _aLondon :
_bHodder and Stoughton,
_c1979.
336 _2:rdacontent
_a:text
_b:tex
337 _2rdamedia
_a:unmediated
_b:n
338 _2rdacarrier
_a:volume
_b:n
504 _aIncludes bibliographical references.
907 _a.b10272458
_b04-02-10
_c04-02-10
942 _cBOOKS
_eThird edition
_hRA651
_kRA
_mPA
_n0
999 _c133827
_d133827